000 00760nam a2200217Ia 4500
001 15782
003 GE_BSU
008 181216s||||||||xx |||||||||||||| ||und||
040 _cGE_BSU
080 _a821.353.1-6
100 _aჭავჭავაძე, ი. (ილია, 1837-1907)
245 _aწერილები.1
245 _cიოსებ ბოცვაძის რედ., წინასიტყვ. და შენიშვნებით.
260 _aსოხუმი
260 _bაფხაზეთის სახელგამი
260 _c1949
300 _a207 გვ. : პორტრ.18 სმ
300 _eპირთა საძ.: გვ. 195-201.
653 _aწერილები
942 _cBK
999 _c48879
_d48879